00448nam a2200145Ia 4500100002400000650002700024942000700051654003700058245003700095260003500132300000800167546001200175999001700187952009800204 aVan Derziel/Aldert  aElectrical Engineering cBK aSolid Slate Physical Electronics aSolid Slate Physical Electronics bPrentice-hallaNEW DELHIc1971 a633 aENGLISH c23326d23326 001040708AFTaCRCEbCRCEc1537 | 57d2023-03-17l0o pAFT6911r2023-03-17w2023-03-17yBK